Portimão (Registo nº 562)

Detalhes MARC
000 -Etiqueta do registo
Cabeçalho 00630nam0a22002651i 4500
005 - Identificador da versão
Campo de controlo 20240813121806.0
021 ## - Número do Depósito Legal
Código do país PT
Número 217533/04
035 ## - Other System Control Numbers
System Control Number 0000584
System Control Number 0000581
System Control Number 0000581
System Control Number 0000571
100 ## - Dados gerais de processamento
Dados gerais de processamento 20050607d a e0pory5003 ba
102 ## - Pais de publicação ou produção
País de publicação Portugal
101 1# - Língua de publicação
Língua do texto, banda sonora, etc. Português
Língua do documento no original Português
106 ## - Campo de dados codificados: material textual
Dados codificados do material textual r
105 ## - Campo de dados codificados: livros
Dados codificados dos livros y z 001yy
215 ## - Descrição física 
Indicação específica da natureza do documento e extensão da espécie 80 p.
Outras indicações físicas il.
Dimensões cm
200 1# - Titulo e menção de responsabilidade
Título próprio Portimão
Informação de outro título seus Varões sua História
Primeira menção de responsabilidade Júlio Amaro
210 ## - Publicação, Distribuição, etc. 
Lugar da edição, distribuição, etc. Portimão
Nome do editor, distribuidor, etc. edição do autor
Data da publicação, distribuição, etc. 2004
700 #1 - Nome de autor-pessoa física (responsabilidade principal)
Número de registo de entrada de autoridade 0000639
Palavra de ordem Amaro
Outra parte do nome não tomada para palavra de ordem Júlio
942 ## - Elementos de entrada adicionados (Koha)
Tipo de item no Koha Livro
Exemplares
Situação do levantamento Origin of item (home branch) (coded) Biblioteca de empréstimo Código de barras Cota Circulation type (not for loan) Tipo de documento Nota do exemplar Damaged status
  Biblioteca Escolar Eng. Nuno Mergulhão Biblioteca Escolar Eng. Nuno Mergulhão BENM1104 8BD AMA   Livro Sem mensagem  
  Biblioteca Escolar Eng. Nuno Mergulhão Biblioteca Escolar Eng. Nuno Mergulhão BENM2072 8BD AMA   Livro Sem mensagem  
  Biblioteca Escolar Eng. Nuno Mergulhão Biblioteca Escolar Eng. Nuno Mergulhão BENM2073 8BD AMA   Livro Sem mensagem  
  Biblioteca Escolar Eng. Nuno Mergulhão Biblioteca Escolar Eng. Nuno Mergulhão BENM2603 8BD AMA   Livro Sem mensagem